000 00610nmm a2200181Ia 4500
008 251105s9999||||xx |||||||||||||||||und||
020 _a9789560100481
041 _aspa
100 _aTapa Ladino, Marcela
245 0 _aRegiones fronterizas, migración y los desafíos para los Estados nacionales latinoamericanos
264 _a[Santiago de Chile, Chile] :
_bRil editores,
_c2014
300 _a401 páginas
650 _aEmigration and immigration
700 _aTapa Ladino, Marcela
700 1 _a González Gil, Adriana (eds.)
856 _uhttps://public.digitaliapublishing.com/a/31686
942 _cCF
999 _c71867
_d71867